| Поле | Инд. | ПП | Название | Значение |
|---|---|---|---|---|
| Тип записи | a | |||
| Библиографический уровень | b | |||
| 001 | Контрольный номер | 6b5239e2da974c3282e51adc63318262 | ||
| 005 | Дата корректировки | 20200630193207.0 | ||
| 008 | Кодируемые данные | 20170331 | ||
| 040 | b | Код языка каталог. | rus | |
| e | Правила каталог. | PSBO | ||
| 041 | 0_ | a | Код языка текста | rus |
| 084 | a | Индекс другой классификации/Индекс ББК | 67.410.213.1(2Рос) | |
| 100 | 1_ | a | Автор | Лаков А. В. |
| 245 | 10 | a | Заглавие | Отдельные аспекты оценки судом результатов следственной деятельности при принятии решений |
| 650 | 14 | a | Основная рубрика | право; уголовное процессуальное право; процессуальное право |
| 653 | 0_ | a | Ключевые слова | оценка суда |
| a | Ключевые слова | процессуальная деятельность | ||
| a | Ключевые слова | Россия | ||
| a | Ключевые слова | следственная деятельность | ||
| a | Ключевые слова | судебное разбирательство | ||
| a | Ключевые слова | судебный контроль | ||
| a | Ключевые слова | уголовное судопроизводство | ||
| a | Ключевые слова | Уголовно-процессуальный кодекс РФ | ||
| 773 | 08 | t | Заглавие источника | Российская юстиция |
| d | Дата издания источника | 2020 | ||
| g | Прочая информация | № 2. - С. 30 - 32 | ||
| w | Контрольный № источника | bd79b8de93a941129b7f256c84795769 | ||
| 901 | t | Тип документа | b |